Photo Quiz: Musicians Named Peter - Statistics

General Stats
  • This quiz has been taken 80 times
  • The average score is 6 of 20
Answer Stats
Picture Hint Answer % Correct
UK 60's/70's Pete Townshend
78%
UK 60's band/70's solo Peter Frampton
67%
UK 70's/80's Peter Gabriel
53%
US 60's Peter Tork
53%
Russian Classical Pyotr Ilyich Tchaikovsky
47%
UK 2000's Pete Doherty
42%
UK 1990's/2000's Peter Andre
39%
US Folk (1919 - 2014) Pete Seeger
38%
UK 60's Peter Noone
36%
Jamaica 60's - 80's Peter Tosh
35%
UK 60's (Stage Name please!) Peter 'Ginger' Baker
31%
UK Late 60's/Early 70's Peter Green
26%
UK 80's Pete Burns
21%
UK Punk Late 70's (80's Solo) Pete Shelley
19%
UK 80's/90's Peter Hook
18%
UK 80's Peter Murphy
14%
US 80's/90's/2000's Peter Buck
6%
UK 70's Solo Peter Skellern
3%
UK New Wave 70's/80's Peter Perrett
1%
UK HM 70's/80's Pete Way
1%
No matching quizzes found
Score Distribution
Percent of People with Each Score
Percentile by Number Answered
Your Score History
You have not taken this quiz